Organizational Dynamics Diagnosis and Intervention
Gespeichert in:
| 1. Verfasser: | |
|---|---|
| Format: | Buch |
| Sprache: | Englisch |
| Veröffentlicht: |
Reading
Addison-Wesley Publ. Co.
1978
|
| Ausgabe: | 1. ed. |
| Schriftenreihe: | Addison-Wesley Series
|
| Schlagworte: | |
| Tags: |
Keine Tags, Fügen Sie das erste Tag hinzu!
|
MARC
| LEADER | 00000nam a2200000 4500 | ||
|---|---|---|---|
| 001 | c018982 | ||
| 005 | 20221207074003.7 | ||
| 020 | |a 0-201-03890-0 | ||
| 041 | 0 | |a eng | |
| 044 | |a US | ||
| 245 | 1 | 0 | |a Organizational Dynamics |b Diagnosis and Intervention |c John P. Kotter |
| 250 | |a 1. ed. | ||
| 264 | 1 | |a Reading |b Addison-Wesley Publ. Co. |c 1978 | |
| 300 | |a 99 s. | ||
| 490 | 1 | |a Addison-Wesley Series | |
| 830 | 0 | |a Addison-Wesley Series | |
| 610 | 2 | 0 | |a organizácia |
| 610 | 2 | 0 | |a vývoj podniku |
| 610 | 2 | 0 | |a štruktúra podniku organizačná |
| 610 | 2 | 0 | |a teória organizácie |
| 610 | 2 | 0 | |a formy organizačné |
| 610 | 2 | 0 | |a pružnosť organizácie |
| 610 | 2 | 0 | |a strnulosť organizácie |
| 100 | 1 | |a Kotter, John P. | |